| 000 | 00378nam a2200121 4500 | ||
|---|---|---|---|
| 999 |
_c522539 _d522539 |
||
| 082 | _aA45:Y26 EMC/2021-22 | ||
| 100 |
_aKerala.Energy Management Centre _99311 |
||
| 245 | _aAnnual report, 2021-22 | ||
| 260 |
_aThiruvanathapuram _bThe author _c2022 |
||
| 300 | _a143p | ||
| 650 |
_aEnergy conservation -- Kerala -- India _99733 |
||
| 650 |
_aEnergy resources -- Kerala -- India _99734 |
||